Normal view
MARC view
- تدقيق الحسابات-مدقق الحسابات-المحاسبة
Entry Topical Term
001 - CONTROL NUMBER
- control field: 61597
003 - CONTROL NUMBER IDENTIFIER
- control field: JO-AjAnu
005 - DATE AND TIME OF LATEST TRANSACTION
- control field: 20230606084050.0
008 - FIXED-LENGTH DATA ELEMENTS
- fixed length control field: 230606|| aca||aabn | a|a d
040 ## - CATALOGING SOURCE
- Original cataloging agency: JO-AjAnu
- Transcribing agency: JO-AjAnu
150 ## - HEADING--TOPICAL TERM
- Topical term or geographic name entry element: تدقيق الحسابات-مدقق الحسابات-المحاسبة
670 ## - SOURCE DATA FOUND
- Source citation: Work cat.: (JO-AjAnu)31418: الججاوي، طلال محمد علي وآخرون، م.مشارك اسعد محمد علي العواد، م.مشارك رغد منير الزبيدي, author 61596, معايير التدقيق الداخلي الدولية للحد من الغش والاحتيال ومدى الالتزام بها